| 000 | 00532nam a2200145Ia 4500 | ||
|---|---|---|---|
| 008 | 140724s9999 xx 000 0 und d | ||
| 050 |
_aNC 825.C43 _b.Se456 2009 |
||
| 100 | _aSeguia, Naomi Mary S. | ||
| 245 | 3 |
_aAn analysis on the game design of Warcraft III : _bFrozen Throne's Defense of the Ancients (DOTA) / _cNaomi Mary S. Seguia. |
|
| 260 |
_aLas PiƱas, Philippines : _bSouthville International School and Colleges, _cc2009. |
||
| 300 |
_a108 p. : _bill. ; _c28 cm. |
||
| 521 | _aMedia Arts | ||
| 942 | _cTH | ||
| 999 |
_c228942 _d228942 |
||